000 00557nam a22001817a 4500
005 20231110095249.0
008 231110b |||||||| |||| 00| 0 eng d
020 _a0702106313 ; 0702106321
041 _aEnglish
082 _a346.1 HAH
100 _aHahlo, HR
_lEnglish
245 _aThe South African Law of Husband and Wife /
_cHR Hahlo
250 _aFourth Edition
260 _aCape Town :
_bJuta and Company Ltd,
_c1975
300 _bxcii, 754 pages ;
_c26 cm.
650 _aLegal practice
_bLaw
942 _cBK
_6ALISON_BN_VRIES
999 _c522
_d522